[Event "EU-ch Amateur U1700"]
[Site "Zagreb"]
[Date "2022.08.16"]
[Round "4"]
[White "Cvetkovic, Bozo"]
[Black "Grgurevic, Benjamin"]
[Result "0-1"]
[WhiteElo "1432"]
[BlackElo "1684"]
[PlyCount "62"]
[EventDate "2022.08.14"]
[EventType "swiss"]
[EventRounds "9"]
[EventCountry "CRO"]
[SourceTitle "CBM 210 Extra"]
[Source "ChessBase"]
[SourceDate "2022.11.30"]
[SourceVersion "1"]
[SourceVersionDate "2022.11.30"]
[SourceQuality "1"]

1. e4 c6 2. d4 d5 3. exd5 cxd5 4. c4 Nf6 5. Nc3 Nc6 6. Nf3 Bg4 7. Be3 e6 8. c5 a6 9. a3 g6 10. b4 Bg7 11. h3 Bxf3 12. Qxf3 0-0 13. Bd3 e5 14. 0-0 exd4 15. Bd2 dxc3 16. Bxc3 d4 17. Bb2 Ne5 18. Qd1 Nxd3 19. Qxd3 Nh5 20. g3 Qd5 21. Rfe1 Rfe8 22. Rad1 Re6 23. Rxe6 fxe6 24. Qc2 Rd8 25. a4 e5 26. b5 axb5 27. axb5 e4 28. Qc1 d3 29. Ba3 Bf8 30. Qc3 e3 31. fxe3 Nxg3 0-1

[Event "CRO-ch U19"]
[Site "Split"]
[Date "2021.07.28"]
[Round "5"]
[White "Simic, Pavo"]
[Black "Cvetkovic, Bozo"]
[Result "0-1"]
[WhiteElo "1546"]
[BlackElo "1387"]
[PlyCount "108"]
[EventDate "2021.07.25"]
[EventType "swiss"]
[EventRounds "9"]
[EventCountry "CRO"]
[SourceTitle "EXT 2022"]
[Source "ChessBase"]
[SourceDate "2021.10.06"]
[SourceVersion "1"]
[SourceVersionDate "2021.10.06"]
[SourceQuality "1"]

1. d4 d5 2. Nf3 Bf5 3. Bf4 e6 4. e3 c6 5. Bd3 Bxd3 6. Qxd3 Nf6 7. Qb3 Qb6 8. Qxb6 axb6 9. Nbd2 Be7 10. 0-0 Nbd7 11. Rfc1 c5 12. c4 0-0 13. Ne5 Nxe5 14. Bxe5 Rfc8 15. a3 Nd7 16. Bf4 Bf6 17. cxd5 exd5 18. Nf3 b5 19. Bd6 b6 20. g4 Rc6 21. Bf4 h6 22. Kf1 g5 23. Bg3 Rac8 24. h3 Kg7 25. Ke1 cxd4 26. Rxc6 Rxc6 27. Nxd4 Bxd4 28. exd4 Rc2 29. Rb1 Kg6 30. b4 f5 31. gxf5+ Kxf5 32. f3 Nf6 33. Rb3 Nh5 34. Bf2 Nf4 35. h4 gxh4 36. Kf1 h3 37. Bg3 h2 38. Bxh2 Rxh2 39. Re3 Ng6 40. Rc3 Ra2 41. Rc6 Rxa3 42. Rxb6 Rxf3+ 43. Ke2 Ke4 44. Re6+ Kf5 45. Rb6 Rg3 46. Rxb5 Ke4 47. Kf2 Rb3 48. Rb6 Nf4 49. Rxh6 Rf3+ 50. Ke1 Kd3 51. Rh2 Kxd4 52. b5 Kc5 53. Rh4 Ng2+ 54. Ke2 Nxh4 0-1

[Event "CRO-ch U19"]
[Site "Split"]
[Date "2021.07.26"]
[Round "3"]
[White "Cvetkovic, Bozo"]
[Black "Njegac, Matija"]
[Result "0-1"]
[WhiteElo "1387"]
[BlackElo "1721"]
[PlyCount "72"]
[EventDate "2021.07.25"]
[EventType "swiss"]
[EventRounds "9"]
[EventCountry "CRO"]
[SourceTitle "EXT 2022"]
[Source "ChessBase"]
[SourceDate "2021.10.06"]
[SourceVersion "1"]
[SourceVersionDate "2021.10.06"]
[SourceQuality "1"]

1. e4 c6 2. Nf3 d5 3. exd5 cxd5 4. d4 Nf6 5. Be3 Nc6 6. h3 Bf5 7. c4 Qb6 8. Nc3 Qxb2 9. Qc1 Qxc1+ 10. Rxc1 e6 11. Bg5 Ne4 12. c5 Nxc3 13. Rxc3 f6 14. Bf4 Be4 15. Bb5 Kd8 16. Bxc6 bxc6 17. 0-0 g5 18. Bh2 h5 19. Re1 Rh7 20. Nd2 Bf5 21. Nf1 Rb7 22. Rb3 Rxb3 23. axb3 Kd7 24. f4 Bg7 25. fxg5 fxg5 26. Be5 Bxe5 27. Rxe5 h4 28. Kf2 Rf8 29. Ke2 g4 30. hxg4 Bxg4+ 31. Ke1 Rf5 32. Re3 Rf4 33. Rd3 Re4+ 34. Ne3 Kc7 35. b4 Kb7 36. b5 cxb5 0-1